Bước thịnh suy của các triều đại phong kiến Trung Quốc = Trung Quốc các phong kiến triều đại hưng suy khái thị lục
Guardat en:
| Autor principal: | |
|---|---|
| Format: | Llibre |
| Idioma: | Undetermined |
| Publicat: |
Hà Nội
Văn hóa Thông tin
2005
|
| Matèries: | |
| Etiquetes: |
Afegir etiqueta
Sense etiquetes, Sigues el primer a etiquetar aquest registre!
|
| Thư viện lưu trữ: | Trung tâm Học liệu Trường Đại học Cần Thơ |
|---|
| LEADER | 00700nam a2200205Ia 4500 | ||
|---|---|---|---|
| 001 | CTU_95280 | ||
| 008 | 210402s9999 xx 000 0 und d | ||
| 020 | |c 210000 | ||
| 082 | |a 951 | ||
| 082 | |b H513/T.3 | ||
| 100 | |a Cát, Kiếm Hùng | ||
| 245 | 0 | |a Bước thịnh suy của các triều đại phong kiến Trung Quốc = | |
| 245 | 0 | |b Trung Quốc các phong kiến triều đại hưng suy khái thị lục | |
| 245 | 0 | |c Cát Kiếm Hùng ; Phong Đảo biên dịch | |
| 260 | |a Hà Nội | ||
| 260 | |b Văn hóa Thông tin | ||
| 260 | |c 2005 | ||
| 650 | |a Ching's dynasty | ||
| 904 | |i Minh | ||
| 980 | |a Trung tâm Học liệu Trường Đại học Cần Thơ | ||